|
|
|
|
| LEADER |
00000nam2a2200000 4500 |
| 001 |
675334 |
| 005 |
20241014134327.0 |
| 035 |
|
|
|a (RuTPU)RU\TPU\book\268919
|
| 090 |
|
|
|a 675334
|
| 100 |
|
|
|a 20241010d1958 k||y0rusy50 ca
|
| 101 |
0 |
|
|a rus
|
| 102 |
|
|
|a RU
|
| 105 |
|
|
|a a z 001zy
|
| 181 |
|
0 |
|a i
|b e
|
| 182 |
|
0 |
|a n
|
| 183 |
|
0 |
|a nc
|2 RDAcarrier
|
| 200 |
0 |
|
|a Вып. 2
|f гл. ред. В. А. Шушунов
|
| 210 |
|
|
|d 1958
|
| 215 |
|
|
|a С. 215-451
|c ил.
|
| 283 |
|
|
|a volume
|
| 320 |
|
|
|a Библиогр. в конце ст.
|
| 461 |
|
1 |
|0 (RuTPU)RU\TPU\book\173187
|t Труды по химии и химической технологии
|o [сборник научных трудов]
|f Горьковский государственный университет им. Н. И. Лобачевского (ГГУ), Научно-исследовательский институт химии
|v Вып. 2
|d 1958-
|
| 606 |
1 |
|
|a Химия
|2 stltpush
|3 (RuTPU)RU\TPU\subj\17362
|9 43035
|
| 606 |
1 |
|
|a Химическая технология
|x Общие вопросы
|2 stltpush
|3 (RuTPU)RU\TPU\subj\68259
|9 83693
|
| 610 |
1 |
|
|a окислы меди
|
| 610 |
1 |
|
|a реакции
|
| 610 |
1 |
|
|a изотопный эффект
|
| 610 |
1 |
|
|a кинетика
|
| 610 |
1 |
|
|a реакции гидролиза
|
| 610 |
1 |
|
|a адсорбция
|
| 610 |
1 |
|
|a радиоактивные индикаторы
|
| 610 |
1 |
|
|a статистический метод
|
| 610 |
1 |
|
|a кинетический метод
|
| 610 |
1 |
|
|a сополимеризация
|
| 610 |
1 |
|
|a органические вещества
|
| 610 |
1 |
|
|a реакция восстановления
|
| 610 |
1 |
|
|a электропроводность
|
| 610 |
1 |
|
|a тяжелые металлы
|
| 610 |
1 |
|
|a алюминиево-кремниевые сплавы
|
| 610 |
1 |
|
|a спектроскопические исследования
|
| 610 |
1 |
|
|a сплавы
|
| 610 |
1 |
|
|a окислы
|
| 610 |
1 |
|
|a электрическая дуга
|
| 610 |
1 |
|
|a газовая хроматография
|
| 610 |
1 |
|
|a хлорирование
|
| 610 |
1 |
|
|a микрокристаллоскопические реакции
|
| 610 |
1 |
|
|a цветные индикаторы
|
| 610 |
1 |
|
|a полярографическое определение
|
| 610 |
1 |
|
|a сточные воды
|
| 675 |
|
|
|a 54
|v 3
|
| 675 |
|
|
|a 66
|v 3
|
| 702 |
|
1 |
|a Шушунов
|b В. А.
|4 651
|
| 801 |
|
0 |
|a RU
|b 63413507
|c 20241010
|
| 801 |
|
0 |
|a RU
|b 63413507
|c 20241010
|g RCR
|
| 942 |
|
|
|c CR
|